00443 2200169 4500245006400000020002200064250001000086100002300096650002000119650001300139005001900152260004100171041001400212084001100226300002700237336000900264 aMenguasai Adobe Photoshop CC 2021cJubilee EnterprisehText a978-623-00-2579-2 aCet.2 aJubilee Enterprise aAdobe Photoshop aKomputer a20241015085422 aJakartabElex Media Komputindoc2022 aIndonesia a006.68 axii, 266 hlm. :cilus. atext